000 00879cam a22002897a 4500
001 126991
005 20230410130837.0
008 030123s2002 sp 000 0 spa
035 _a13099860
010 _a 2003441011
020 _a8476716702
040 _aDLC
_cDLC
041 _aspa
050 1 4 _aPQ 6254
_bC227c 2002
100 1 _aCanopinto, Eusebio,
_d1940-
245 1 3 _aEl carnaval de Estrasburgo :
_bdiario de un eurodiputado /
_cEusebio Canopinto.
250 _a1. ed.
260 _aMérida :
_bEditora Regional de Extremadura,
_c2002.
300 _a142 p. ;
_c22 cm.
490 1 _aNarrativa / Editora Regional de Extremadura ;
_v29
650 4 _aLiteratura española
_xNovelas
_ySiglo XX.
650 4 _aNovela española
_ySiglo XX.
830 0 _aNarrativa (Mérida, Spain) ;
_v29.
923 _d20030221
_n96873
_sSpBaP
942 _2lcc
_cbk
946 _adpf
999 _c81423
_d81423